000 00344 a2200157 4500
001 72000
020 _a8508043066
040 _cAnchieta - Colégio São Paulo
100 _aRagache, Claude-Catherine
240 1 0 _aA cavalaria
_lpor
245 1 0 _aA cavalaria
300 _a47
362 0 _a1993
650 4 _aLiteratura juvenil
942 _cBK
999 _c72000
_d72000